000 00610nam a2200217Ia 4500
005 20250508165016.0
008 008 250505s9999 xx 000 0 eng d
020 _a81-7024-592-3
037 _aTextual
040 _aFEDL
_beng
_cFEDL
041 _aeng
_2eng
084 _a291.820 954, PAN
_qFEDL
100 _aPani Binita
_9779691
245 0 _aIndian scriptures and the life divine
260 _aNew Delhi, India
_bAshish Publishing House
_c1993
300 _axv,367p.
365 _aINR
_b41
546 _aMACESE
942 _cTEXL
_h291.820 954, PAN
999 _c1392630
_d1392630